Open Data Biblioteca Nacional de Portugal


República Portuguesa: Ministério da Cultura
Biblioteca Nacional de Portugal

Catálogo da BNP: acesso por Identificadores Unívocos
Registos Bibliográficos associados ao registo de autoridade

Etiqueta de registo: 00254nam 2200025 450
001 2282116
003 http://id.bnportugal.gov.pt/bib/catbnp/2282116
100 ## $a20260320d2025 k y0pory01030103ba
101 0# $apor$deng
102 ## $aPT
105 ## $aa m 000yy
106 ## $ar
200 1# $aOsteoporose em mulheres pós-menopaúsicas brasileiras e sua associação com a exposição ambiental ao cádmio$dOsteoporosis in brazilian postmenopausal women and its association with environmental exposure to cadmium$fCarlos Tadashi Kunioka$gorient. Márcia Carvalho, Maria da Conceição Manso, Luís Belo$zeng
210 #9 $aPorto$c[s.n.],$d2025
215 ## $aXXVIII, 108, [8] f.$cil.$d30 cm
328 #1 $aTese dout. Estudos em Ecologia e Saúde Ambiental, Universidade Fernando Pessoa, 2025
510 1# $aOsteoporosis in brazilian postmenopausal women and its association with environmental exposure to cadmium$zeng
675 ## $a614.71(81)(043)$vBN$zpor$31994932
675 ## $a616.71-007.2-055.2(81)(043)$vBN$zpor$31994935
700 #1 $aKunioka,$bCarlos Tadashi$31992763
702 #1 $93$aCarvalho,$bMárcia$4727$31992770
702 #1 $aManso,$bMaria da Conceição Antas de Barros Menéres$4727$31006053
702 #1 $aBelo,$bLuís$4727$31473452
801 #0 $aPT$bBN$gRPC
966 ## $lBN$mFGMON$sS.A. 193453 V.$x1
971 ## $cssilva$d20260320
973 ## $cigoulao$d20260407

OpendataBNP@bnportugal.pt | Mais informação sobre acesso aos dados BNP